[Event "Amsterdam NH Hotels 1st"]
[Site "Amsterdam"]
[Date "2006.08.25"]
[Round "6"]
[White "Ljubojevic, Ljubomir"]
[Black "Carlsen, Magnus"]
[Result "1/2-1/2"]
[WhiteElo "2551"]
[BlackElo "2675"]
[PlyCount "68"]
[EventDate "2006.08.19"]
[EventType "schev"]
[EventRounds "10"]
[EventCountry "NED"]
[SourceTitle "CBM 114"]
[Source "ChessBase"]
[SourceDate "2006.10.02"]
[SourceVersion "1"]
[SourceVersionDate "2006.10.02"]
[SourceQuality "1"]

1. d4 Nf6 2. c4 c5 3. d5 b5 4. cxb5 a6 5. bxa6 g6 6. Nc3 Bxa6 7. Nf3 Bg7 8. g3 d6 9. Bg2 Nbd7 10. O-O Nb6 11. Ne1 O-O ({RR} 11... Nfd7 12. Nc2 O-O 13. Ne3 Ne5 14. Rb1 Nbc4 15. h4 Qa5 16. Qc2 Rfb8 17. h5 Nxe3 18. Bxe3 Nc4 19. Bg5 Ra7 20. Rfc1 h6 21. hxg6 hxg5 22. gxf7+ Kf8 23. Qh7 Kxf7 24. Ne4 Rxb2 25. Nxg5+ Kf6 26. Be4 {Rios Escobar,A (2276)-Flis,P (1936) Chess.com INT 2022 1-0}) 12. Nc2 Nc4 13. Ne3 Qb6 ({RR} 13... Ne8 14. Nxc4 Bxc4 15. Bd2 Nc7 16. b3 Nb5 17. Rc1 Nxc3 18. Bxc3 Bxc3 19. Rxc3 Bb5 20. a4 Ba6 21. Re3 Rb8 22. h4 Rb4 23. Qd2 Qd7 24. Rc1 Rfb8 25. Rcc3 Rd4 26. Qc2 Kf8 27. Rf3 Kg8 28. e4 {Riazantsev,A (2708)-Prizant,J (2515) Ekaterinburg 2013 ½-½ (40)}) 14. Qc2 $146 ({RR} 14. Rb1 Nd7 15. Qc2 Qa5 16. Nxc4 Bxc4 17. Bd2 Bxc3 18. Bxc3 Qxa2 19. Qe4 Rfe8 20. Rbd1 Nb6 21. Qf3 Na4 22. Rfe1 Reb8 23. Ra1 Qb3 24. Ra3 Qb5 25. Qe3 Nxc3 26. Rxc3 Ra7 27. g4 Ba2 28. b3 Qb4 {Obukhov,A-Arbakov,V (2415) Cheliabinsk 1989 0-1 (34)}) 14... Rfb8 15. b3 Nxe3 16. Bxe3 Ng4 17. Bd2 c4 18. h3 cxb3 19. axb3 Ne5 20. Ra4 Nd7 21. b4 Qb7 22. Rb1 Qc8 23. b5 Bxc3 24. Qxc3 Rxb5 25. Rxb5 Bxb5 26. Qxc8+ Rxc8 27. Ra7 f6 28. Rb7 Rb8 29. Rxb8+ Nxb8 30. e4 Nd7 31. f3 f5 32. Kf2 fxe4 33. fxe4 Kf7 34. Ke3 Ne5 1/2-1/2

[Event "Amsterdam NH Hotels 1st"]
[Site "Amsterdam"]
[Date "2006.08.27"]
[Round "8"]
[White "Jussupow, Artur"]
[Black "Carlsen, Magnus"]
[Result "0-1"]
[WhiteElo "2617"]
[BlackElo "2675"]
[PlyCount "96"]
[EventDate "2006.08.19"]
[EventType "schev"]
[EventRounds "10"]
[EventCountry "NED"]
[SourceTitle "CBM 114"]
[Source "ChessBase"]
[SourceDate "2006.10.02"]
[SourceVersion "1"]
[SourceVersionDate "2006.10.02"]
[SourceQuality "1"]

1. d4 Nf6 2. c4 e6 3. Nc3 Bb4 4. e3 O-O 5. Bd3 d5 6. Nf3 c5 7. O-O dxc4 8. Bxc4 Nbd7 9. a3 Ba5 10. Bd2 cxd4 11. exd4 Bxc3 12. bxc3 b6 13. Qe2 Bb7 14. Bd3 Qc7 15. Rfe1 Rfe8 16. c4 Rad8 17. Bg5 $146 ({RR} 17. Rad1 h6 18. h3 Qd6 19. Qe3 Bxf3 20. Qxf3 e5 21. Bb4 Qb8 22. d5 Nc5 23. Bb1 e4 24. Qe3 Qc7 25. Bc3 Qd6 26. Bc2 Nh5 27. Qd4 Qg6 28. Qe3 f5 29. f4 exf3 30. Qxf3 Ne4 31. Bd4 Nhg3 {Korobov,A (2605)-Almasi,Z (2663) Beijing 2008 1-0 (42)}) ({RR} 17. Rad1 Qd6 18. Bb4 Qc6 19. Qd2 Nf8 20. Qg5 Ng6 21. Bc3 Qa4 22. d5 exd5 23. Bxf6 gxf6 24. Qxf6 Rxe1+ 25. Rxe1 Re8 26. Rxe8+ Qxe8 27. Bxg6 hxg6 28. cxd5 Bxd5 29. Ne5 Qe6 30. Qg5 Be4 31. Ng4 Bf5 {Kovalenko,I (2429)-Miroshnichenko,E (2651) Kharkov 2007 ½-½ (45)}) 17... Nf8 18. Bxf6 gxf6 19. Be4 Bxe4 20. Qxe4 Qxc4 21. Qg4+ Kh8 22. Qh4 Kg7 23. Qg4+ Ng6 24. h4 Kh8 25. h5 Ne7 26. Rac1 Qd5 27. Qh4 Qf5 28. Rc7 Rg8 29. Nh2 Nd5 30. Rxf7 a5 31. g3 b5 32. Qe4 Qxh5 33. Qxe6 b4 34. axb4 axb4 35. Re7 Qg6 36. Rd7 Nf4 37. Qd6 Nh3+ 38. Kg2 Rxd7 39. Qxd7 Nxf2 40. Nf1 Nd3 41. Re3 b3 42. Qd6 b2 43. Nd2 h6 44. Kg1 Qf5 45. Kh1 Nf2+ 46. Kg2 Ne4 47. Rxe4 b1=Q 48. Rf4 Qb7+ 0-1

[Event "NOR-ch playoff"]
[Site "Oslo"]
[Date "2006.09.19"]
[Round "1"]
[White "Carlsen, Magnus"]
[Black "Agdestein, Simen"]
[Result "1/2-1/2"]
[WhiteElo "2675"]
[BlackElo "2575"]
[PlyCount "79"]
[EventDate "2006.09.19"]
[EventType "match"]
[EventRounds "4"]
[EventCountry "NOR"]
[SourceTitle "CBM 115"]
[Source "ChessBase"]
[SourceDate "2006.11.15"]
[SourceVersion "1"]
[SourceVersionDate "2006.11.15"]
[SourceQuality "1"]

1. d4 d5 2. c4 dxc4 3. Nf3 Nf6 4. e3 e6 5. Bxc4 c5 6. O-O a6 7. Bb3 Be7 8. Nc3 O-O ({RR} 8... b5 9. a3 Bb7 10. Qe2 Nbd7 11. Rd1 Qc7 12. e4 b4 13. axb4 cxb4 14. e5 bxc3 15. exf6 Nxf6 16. bxc3 O-O 17. c4 Be4 18. Nd2 Bg6 19. c5 e5 20. dxe5 Nd7 21. Bb2 Nxc5 22. Bc4 a5 23. Rac1 {Heinzel,T (1735)-Reinartz,A (1986) Krefeld GER 2023 ½-½}) 9. Qe2 b5 ({RR} 9... cxd4 10. exd4 Nc6 11. Rd1 Na5 12. Bc2 b5 13. Bg5 Bb7 14. d5 exd5 15. Nd4 g6 16. Qf3 Ne4 17. Bh6 Re8 18. Nf5 Bf6 19. Bxe4 dxe4 20. Qf4 Qb8 21. Nd6 Re6 22. b3 Qc7 23. Rac1 Be5 24. Qg5 {Mamedyarov,S (2747)-Dominguez Perez,L (2732) Huaian 2016 1-0}) 10. dxc5 Bb7 11. e4 $146 ({RR} 11. Bc2 Bxc5 12. e4 Nbd7 13. e5 Bxf3 14. gxf3 Nh5 15. Rd1 g6 16. a4 b4 17. Ne4 Be7 18. Be3 Qc7 19. f4 Rfd8 20. Rac1 Qa5 21. Nd2 Nf8 22. Nc4 Rxd1+ 23. Bxd1 Qd8 24. Nb6 Rb8 25. a5 Ng7 {Babula,V (2584)-Grund,H (2432) Germany 2007 1-0 (40)}) 11... Nfd7 12. Bf4 Nxc5 13. Rfd1 Qa5 14. Bc2 b4 15. Nb1 b3 16. Bd3 bxa2 17. Nc3 Nxd3 18. Rxd3 Rd8 19. Rxa2 Qb6 20. Rxd8+ Qxd8 21. Ra1 Nc6 22. Rd1 Qe8 23. Bd6 Rd8 24. Bxe7 Qxe7 25. Rxd8+ Qxd8 26. Qc4 Qd6 27. h3 h6 28. Qe2 Nd4 29. Nxd4 Qxd4 30. Kf1 g5 31. f3 Kg7 32. Qf2 Qd6 33. Qa7 Bc8 34. Qe3 e5 35. Ne2 Qd1+ 36. Kf2 Qc2 37. b4 Be6 38. Qc3 Qxc3 39. Nxc3 h5 40. Ke3 1/2-1/2

[Event "Bundesliga 0607"]
[Site "Germany"]
[Date "2006.12.08"]
[Round "7.2"]
[White "Stocek, Jiri"]
[Black "Carlsen, Magnus"]
[Result "1/2-1/2"]
[WhiteElo "2572"]
[BlackElo "2698"]
[PlyCount "67"]
[EventDate "2006.10.28"]
[EventType "team-tourn"]
[EventRounds "15"]
[EventCountry "GER"]
[SourceTitle "CBM 118"]
[Source "ChessBase"]
[SourceDate "2007.05.31"]
[SourceVersion "1"]
[SourceVersionDate "2007.05.31"]
[SourceQuality "1"]
[WhiteTeam "Bann"]
[BlackTeam "Baden-Baden"]
[WhiteTeamCountry "GER"]
[BlackTeamCountry "GER"]

1. d4 {Iotov,Valentin Dimitrov} Nf6 2. c4 e6 3. Nc3 Bb4 4. Nf3 d5 5. cxd5 ({RR} 5. Bg5 Nbd7 6. e3 c5 7. cxd5 exd5 8. dxc5 Qa5) ({RR} 5. Qa4+) 5... exd5 6. Bg5 O-O 7. e3 c5 8. dxc5 Nbd7 ({RR} 8... Bxc3+ 9. bxc3 Be6) ({RR} 8... Bxc3+ 9. bxc3 Be6 10. Be2 {½-½ (10) Lokander,M (2466)-Sumets,A (2504) Sweden SWE 2025}) 9. Rc1 ({RR} 9. Be2 Qa5 10. O-O Bxc3 11. bxc3 Ne4 12. Qd4 Ndxc5) 9... Qa5 ({RR} 9... Nxc5 10. Qd4 Bxc3+ ({RR} 10... a5 11. Bxf6 Qxf6 12. Qxf6 gxf6 13. Be2 Na4 14. O-O Bxc3 15. bxc3 Be6 16. Bb5 ({RR} 16. Nd4 Rfc8 17. c4 dxc4 18. Nxe6 fxe6 19. Bxc4 Kf7 20. f4 Ke7) 16... Nc5 17. Nd4) 11. Qxc3 Nce4 12. Bxf6 Nxf6 13. Be2 Bg4 14. O-O Qb6 15. h3 ({RR} 15. Rfd1) 15... Rac8 16. Qa3 Bh5 17. Rfd1 a6 18. Nd4 Bxe2 19. Nxe2) 10. Nd2 ({RR} 10. a3 Bxc3+ 11. Rxc3 Ne4 12. b4 Nxc3 13. Qa1 Qa4 14. Qxc3 a5 ({RR} 14... Re8 15. Nd4 a5 16. b5 Ne5 17. Bf4 Nc4 18. Bxc4 dxc4 19. O-O) 15. b5 Nxc5 ({RR} 15... Re8) 16. Qxc5 Bf5 ({RR} 16... Bd7 17. Be2 Rfc8 18. Qxd5 Rc1+ 19. Bd1 Qxb5 20. Qxb5 Bxb5 21. Nd4 Ba4 22. Ke2 Ra1 23. Rf1 Rxa3 24. Bxa4 Rxa4 25. Rb1) 17. Qc3 Rfc8 18. Qa1 Qc2 ({RR} 18... Rc5 19. Be2 Qc2 20. Nd4 Qc1+ 21. Qxc1 Rxc1+ 22. Bd1 Bg6 23. O-O) 19. Nd4 Qc1+ 20. Qxc1 Rxc1+ 21. Kd2 Rac8 22. Nxf5 R8c2+ 23. Kd3 Rxf2 24. Ne7+ ({RR} 24. Ng3) 24... Kh8 {Aronian,L (2792)-Nakamura,H (2787) Leuven 2016 CBM 173 [Iotov,Valentin Dimitrov] 1-0 (37)} ({RR} 24... Kf8 25. Nxd5 Rfxf1 26. Rxf1 Rxf1 27. Bf4) {RR} 25. e4 dxe4+ 26. Kxe4 Rcxf1 27. Rxf1 Rxf1 28. Be3) ({RR} 10. a3 Bxc3+ 11. Rxc3 Ne4 12. b4 Nxc3 13. Qa1 Qa4 14. Qxc3 a5 15. b5 Nxc5 16. Qxc5 Be6 17. Qc1 Rfc8 18. Qa1 Qc2 19. Be2 Qc1+ 20. Qxc1 Rxc1+ 21. Bd1 Ra1 22. a4 Rc8 23. Nd4 Rc4 24. O-O f6 {Topalov,V (2783)-Carlsen,M (2690) Wijk aan Zee 2007 1-0}) 10... Qxc5 ({RR} 10... b6 11. c6 d4 12. cxd7 dxc3 13. bxc3 Bxc3 14. Bxf6 gxf6 15. dxc8=Q Raxc8 16. Bc4 Rfd8 17. O-O Bxd2 18. Rc2 Bxe3 19. Qf3 Bd4 20. Bxf7+ Kh8 21. Rxc8 Rxc8 22. Qh3) ({RR} 10... Ne4 11. Ndxe4 dxe4 12. a3 Qxc5 13. axb4 Qxg5 14. Nxe4 Qe7 15. Qd4 Nb6 16. Nc3) 11. a3 $146 ({RR} 11. Nb3 Qd6 12. Bd3 d4 13. Nxd4 Qd5 14. Nf3 Ne5 15. Ke2 Bxc3 16. Bxf6 Nxd3 17. Rxc3 Nf4+ 18. exf4 Qb5+ 19. Qd3 Qxb2+ 20. Qc2 Qb5+ 21. Qd3 Qb2+ 22. Qc2 Qb5+ 23. Qd3 {½-½ (23) Gozzoli,Y (2453)-Cornette,M (2482) France 2007}) ({RR} 11. Nb3 Qb6 12. Be2) 11... Bxc3 12. Rxc3 Qb6 13. Rb3 Qe6 14. Be2 Nc5 15. Rb4 Nfe4 16. Nxe4 dxe4 17. O-O Qg6 18. Qd5 Nd3 19. Rd4 Nxb2 20. Rb1 Nd3 21. h4 h6 22. Be7 Re8 23. Bh5 Be6 24. Bxg6 Bxd5 25. Rxd5 Rxe7 26. Bxe4 Nxf2 27. Kxf2 Rxe4 28. Rxb7 Rxh4 29. Rdd7 Ra4 30. Kg3 Rxa3 31. Rxf7 Rxe3+ 32. Kf2 Re6 33. Rxg7+ Kh8 34. Rh7+ 1/2-1/2

[Event "Bundesliga 0607"]
[Site "Germany"]
[Date "2007.04.01"]
[Round "15.4"]
[White "Kempinski, Robert"]
[Black "Carlsen, Magnus"]
[Result "1/2-1/2"]
[WhiteElo "2590"]
[BlackElo "2690"]
[PlyCount "90"]
[EventDate "2006.10.28"]
[EventType "team-tourn"]
[EventRounds "15"]
[EventCountry "GER"]
[SourceTitle "CBM 118"]
[Source "ChessBase"]
[SourceDate "2007.05.31"]
[SourceVersion "1"]
[SourceVersionDate "2007.05.31"]
[SourceQuality "1"]
[WhiteTeam "Hamburger SK"]
[BlackTeam "Baden-Baden"]
[WhiteTeamCountry "GER"]
[BlackTeamCountry "GER"]

1. d4 {Marin,Mihail} Nf6 2. c4 e6 3. Nf3 b6 4. g3 Bb4+ 5. Bd2 Bxd2+ 6. Qxd2 Ba6 7. b3 O-O ({RR} 7... c5 8. Bg2 d5 9. Nc3 Nc6 10. cxd5 exd5 11. O-O O-O 12. dxc5 bxc5 13. Rfd1 ({RR} 13. Rfe1 Re8 14. Nh4 Qa5 15. Rad1 Rad8 16. Nf5 ({RR} 16. Nxd5 Qxd2 17. Rxd2 Nxd5 18. Rxd5 Rxd5 19. Bxd5 Nb4) 16... Re5 17. Nxd5 Qxd2 18. Rxd2 Nxd5) ({RR} 13. Nh4 Rc8 14. Rac1 Re8 15. Rfe1 d4 16. Na4 c4 17. bxc4 Ne5 18. Nb2 ({RR} 18. c5 d3 19. e3 Nc4) 18... Nxc4 19. Nxc4 Rxc4 20. Rxc4 Bxc4 21. Nf5 d3 22. Ne3 Bb5 23. exd3 Qxd3) 13... d4 ({RR} 13... Re8) 14. Na4 Re8 ({RR} 14... Ne4 15. Qc2 Re8 16. Nxc5 Nb4) 15. Nxc5 Bxe2 16. Nxd4 Nxd4 17. Bxa8 Bxd1 18. Rxd1 Re2 19. Qd3 Qxa8 20. Qxd4) 8. Nc3 d5 9. cxd5 exd5 10. Bg2 Re8 11. Ne5 c5 ({RR} 11... Bb7 12. Rc1 a6 13. O-O Nbd7 14. Nd3 Qe7 15. e3 Qd6 16. b4 g6 17. Qb2 Rad8 18. b5 a5 19. Ne2 Kg7 20. Rc2 Ne4 21. Rfc1 Rc8 22. Nef4 f6 23. Rc6 Bxc6 24. Rxc6 Qe7 25. Nxd5 Qd8 26. N3f4 {Girel,J (2500)-Krithik Muthukumar (1900) Granada ESP 2025 1-0 (31)}) 12. O-O Bb7 13. Qf4 $146 ({RR} 13. Rfd1 Na6 ({RR} 13... Qe7) 14. e3 Qe7 15. Qe2 Nc7 16. Rac1 Rad8 17. Qb2 cxd4 18. exd4 Ne6 19. f4 Ne4 20. Ng4 h5 21. Ne3 Qf6 22. Rc2 Rd7 23. Nxe4 dxe4 24. d5 Qxb2 25. Rxb2 Nc5 26. Rd4 g6 27. Bf1 Red8 {Magerramov,E (2445)-King,D (2435) Baku 1986 1-0 (45)}) ({RR} 13. Rfd1 Na6 14. Qf4 Nc7 ({RR} 14... Qc7 15. Nb5 ({RR} 15. Nc4 Rad8 16. Ne3 ({RR} 16. Qxc7 Nxc7 17. dxc5 bxc5 18. Na5 Ba8 19. Na4 Rxe2 20. Nxc5) 16... Qxf4 17. gxf4 Nc7) 15... Qe7 16. e3 ({RR} 16. Ng4 Nxg4 17. Qxg4 Qxe2 18. Qxe2 Rxe2 19. Nd6 Bc6 20. Bf1 Re6 21. Nxf7) 16... Rec8 17. Bh3 Rd8 18. Rac1 Nb4 19. a4 ({RR} 19. Nc3) 19... a6 20. Nc3 a5) 15. Ng4 Nxg4 16. Qxg4 Qf6 17. e3 Rad8 18. Rac1 Qe7 19. dxc5 bxc5 20. Qa4 Rd7 ({RR} 20... a6 21. Qa5) 21. Ne4 ({RR} 21. Qxa7 Ne6) 21... d4 ({RR} 21... Ne6 22. Nxc5 Nxc5 23. Rxc5) ({RR} 21... c4 22. Nc5) 22. exd4 Bxe4 23. Bxe4 Ne6 24. d5 ({RR} 24. dxc5 Rxd1+ 25. Rxd1 Nxc5 26. Qa3 Nxe4 27. Qxe7 Rxe7 28. Rd8+) 24... Nd4 25. Re1 Qd8 26. Kf1 Rde7 27. Bd3 Qc8 {Leko,P (2749)-Carlsen,M (2690) Morelia/Linares 2007 CBM 117 [Marin,Mihail] 1-0 (53)} {RR} 28. Rxe7 Qh3+ 29. Ke1 Rxe7+) ({RR} 13. Rfd1 Na6 14. Qf4 Qc7 15. Nc4 Rad8 16. Ne3 Qxf4 17. gxf4 Nc7 18. dxc5 bxc5 19. Na4 Ba6 20. Rd2 d4 21. Nc4 Ne6 22. f5 Nf4 23. Bf3 Bxc4 24. bxc4 Re5 25. Rb1 Rxf5 26. Rb7 g5 27. e3 Nh3+ {Tukmakov,V (2590)-Van der Wiel,J (2590) Rotterdam 1988 ½-½ (33)}) 13... Nbd7 14. Nxd7 Qxd7 15. dxc5 bxc5 16. e3 d4 17. Bxb7 Qxb7 18. exd4 cxd4 19. Qxd4 Rad8 20. Qf4 Rd3 21. Rac1 h5 22. Rfd1 Rf3 23. Qd4 Ng4 24. Qd5 Qxd5 25. Nxd5 Re2 26. Nc3 Rb2 27. Ne4 Rf5 28. Rf1 Rxa2 29. h3 Nh6 30. Ra1 Re2 31. Nc3 Rc2 32. Nd1 Rc7 33. Ne3 Rb5 34. Ra3 Nf5 35. Nxf5 Rxf5 36. h4 a5 37. Ra4 Rb7 38. Rfa1 Rbb5 39. Kg2 Kf8 40. Rb1 Rfe5 41. Rb2 g6 42. Rc4 Rec5 43. Rd4 Rc3 44. Rd8+ Ke7 45. Ra8 Rcxb3 1/2-1/2

[Event "Moscow Tal Memorial 1st"]
[Site "Moscow"]
[Date "2006.11.06"]
[Round "1"]
[White "Carlsen, Magnus"]
[Black "Gelfand, Boris"]
[Result "0-1"]
[WhiteElo "2698"]
[BlackElo "2733"]
[Annotator "Rogozenco,Dorian"]
[PlyCount "76"]
[EventDate "2006.11.06"]
[EventType "tourn"]
[EventRounds "9"]
[EventCountry "RUS"]
[EventCategory "20"]
[SourceTitle "CBM 116"]
[Source "ChessBase"]
[SourceDate "2007.02.01"]
[SourceVersion "1"]
[SourceVersionDate "2007.02.01"]
[SourceQuality "1"]

1. d4 {Huebner,Robert} d5 2. c4 c6 3. Nc3 Nf6 4. Nf3 dxc4 5. a4 Bf5 6. Nh4 Bg4 7. h3 Bh5 8. g4 Bg6 9. Nxg6 hxg6 10. e3 e6 11. Bxc4 Bb4 ({RR} 11... Nbd7 12. Kf1 Qc7 13. Kg2 Rd8 14. Qf3 Be7 15. a5 a6 16. e4 O-O 17. e5 Nh7 18. Qe2 c5 19. dxc5 Nxe5 20. Bf4 Qc6+ 21. f3 Nxc4 22. Qxc4 Qxc5 23. Qxc5 Bxc5 24. Ne4 Bd4 25. Bd6 Rfe8 26. Rhd1 {Mattenberger,M (2239)-Benitah,Y (2338) Switzerland SUI 2024 ½-½ (60)}) 12. Bf1 $2 $146 {The strange thing about this bad novelty is that Carlsen has played the position twice before. Generally in my opinion this opening variation looks healthy for Black - a good development and White already has created weaknesses.} (12. Qf3 $13) (12. Bd2 Nbd7 13. g5 Nd5 14. e4 N5b6 15. Bb3 a5 16. Qe2 c5 (16... e5 17. dxe5 Nxe5 18. O-O-O Nd3+ 19. Kb1 Nc5 20. Nb5 $1 Nxb3 21. Bxb4 axb4 22. Rxd8+ Rxd8 23. Nc7+ $2 (23. Rd1 $1 O-O 24. Nd6 $16) 23... Ke7 24. Qc2 Nc4 $1 $132 {0-1 Carlsen,M (2385)-Andriasian,Z (2311)/Budva 2003 (34)}) ({RR} 16... e5 17. dxe5 Nxe5 18. O-O-O) 17. d5 c4 ({RR} 17... e5 18. h4) ({RR} 17... exd5 18. Bxd5 ({RR} 18. exd5+ Kf8 19. O-O-O Bxc3 20. bxc3 c4 21. Bxc4 ({RR} 21. Bc2 Nc5) 21... Nxa4) ({RR} 18. Nxd5 Bxd2+ 19. Qxd2 c4 20. Bc2 Nxd5 21. Qxd5 Qc7 22. O-O-O Rd8) 18... Bxc3 19. Bxc3 ({RR} 19. bxc3 Nxd5 20. exd5+ Kf8 21. Kf1 Nb6 22. c4 Nc8) 19... Nxd5 20. exd5+ Kf8 21. Qe3 ({RR} 21. h4 Qc7) 21... Qc7 22. O-O-O Re8 23. Qf3 Qd6) 18. Bxc4 Nxc4 19. Qxc4 O-O 20. O-O-O ({RR} 20. dxe6 Ne5 21. Qd5 Qc7 22. exf7+ Rxf7 23. O-O-O Rd8 24. Qe6 Nd3+ ({RR} 24... Nf3) 25. Kb1 Nxf2 26. Nd5 Qc6 27. Qxc6 bxc6 28. Bxb4 cxd5 29. Bxa5 Ra8 30. Bb6 Nxh1 31. Rxh1 dxe4) 20... Rc8 21. Qe2 ({RR} 21. Qb5 Nc5 ({RR} 21... Rc5 22. Qxb7 exd5 23. Be3 Rc7 24. Qxd5 Bxc3 25. bxc3 Rxc3+ 26. Kd2 Qc7 27. Rc1) 22. Kb1 exd5 23. Nxd5 ({RR} 23. Be3 Qe7) ({RR} 23. exd5 Bxc3 24. Bxc3 Qxg5) 23... Bxd2 24. Rxd2 Qxg5 25. f4 Qh4 26. e5) 21... exd5 22. Kb1 ({RR} 22. exd5 Nb6 23. Kb1 Bxc3 24. Bxc3 Nxa4) 22... Bxc3 $6 (22... dxe4 23. Nxe4 Qc7 24. Bxb4 axb4 25. Nd6 Ra8 $11 {RR} 26. Qb5 ({RR} 26. Nb5 Qc6) 26... Nc5) (22... Qc7 23. exd5 ({RR} 23. Rc1 Qe5 24. f4 Qe6) 23... Nb6 $11 {(P. Nielsen)}) ({RR} 22... dxe4 23. Nxe4 Qc7 24. Bxb4 axb4 25. Nd6 Ra8 26. Qc4 Qa5 27. b3 Qxg5) ({RR} 22... Qc7 23. exd5 Nb6) 23. Bxc3 Nc5 24. Rxd5 Qe8 25. f3 $14 {1-0 Carlsen,M (2552)-Nielsen,P (2628)/Malmo/Copenhagen 2004 (40)} {RR} Qxa4 26. Qd1 Qxd1+ ({RR} 26... Nb3 27. Rxa5) 27. Rhxd1 b6) ({RR} 12. Bd2 Nbd7 13. Qf3 Qa5 14. h4 O-O-O 15. Rc1 Ne8 16. Be2 Nd6 17. e4 f5 18. gxf5 gxf5 19. e5 Ne4 20. Nxe4 fxe4 21. Bxb4 Qxb4+ 22. Qc3 a5 23. Qxb4 axb4 24. Bc4 Rh6 25. Ke2 Nb6 26. a5 Nd5 {Sokolov,I (2641)-Akopian,V (2691) Vrnjacka Banja 2010 ½-½ (56)}) ({RR} 12. Bd2 Nbd7 13. g5 Nd5 14. e4 N5b6 15. Bb3 a5 16. Qe2 c5 17. d5 c4 18. Bxc4 Nxc4 19. Qxc4 O-O 20. O-O-O Rc8 21. Qe2 exd5 22. Kb1 Bxc3 23. Bxc3 Nc5 24. Rxd5 Qe8 25. f3 b6 26. Qe3 Nxa4 {Carlsen,M (2552)-Nielsen,P (2628) Malmo/Copenhagen 2004 CBM 101 [Huebner,Robert] 1-0 (40)} ({RR} 26... Qxa4 27. Qd4 Qxd4 28. Bxd4 Rc6 29. Rc1 Rfc8)) ({RR} 12. Qf3 Qa5 13. Bd2 Nbd7 14. h4 Nb6 15. Bb3 Rd8 16. g5 Nfd5 17. Rc1 c5 18. h5 cxd4 19. exd4 Rxh5 20. Rxh5 gxh5 21. Qxh5 g6) 12... Qd5 $146 {Taking advantage of Black's considerable lead in development. White is forced to create more weaknesses in his own camp.} ({RR} 12... a5 13. Bg2 Nbd7 14. O-O Qe7 15. e4 Rd8 16. Be3 e5 17. d5 Bc5 18. Qe2 Bxe3 19. Qxe3 Qc5 20. Qg3 O-O 21. Rac1 Qb4 22. Kh2 Rfe8 23. Rc2 Nc5 24. dxc6 bxc6 25. f4 Nfxe4 26. Nxe4 Nxe4 27. Qe3 {Iljin,T (2285)-Timerkhanov,A (2336) Sochi RUS 2023 0-1 (42)}) ({RR} 12... a5 13. Bg2 Nbd7 14. O-O Qe7 15. e4 Rd8 16. Be3 e5 17. d5 Bc5 18. Qe2 Bxe3 19. Qxe3 Qc5 20. Qg3 O-O 21. Rac1 Qb4 22. Kh2 Rfe8 23. Rc2 Nc5 24. dxc6 bxc6 25. f4 Nfxe4 26. Nxe4 Nxe4 27. Qe3 {Iljin,T (2285)-Timerkhanov,A (2336) Sochi RUS 2023 0-1 (42)}) 13. f3 {Making such a move means that most likely White will have to advance soon the pawn further.} Qa5 14. Bg2 c5 $1 {Possibly Carlsen expected Black to take the pawn immediately, after which White will have compensation. But Gelfand first completes development and only then takes the pawn, when White won't be able to create anything in return.} (14... Bxc3+ 15. bxc3 Qxc3+ 16. Bd2 Qc4 17. Rb1 b6 18. f4 $44) (14... Nd5 15. O-O Nxc3 16. bxc3 Bxc3 17. Rb1 Bb4 (17... b6 18. Ba3 (18. f4 O-O 19. Ba3 Rd8 20. Qc2 $44) 18... Bd2 19. Rb3 Qxa4 20. Qb1 $44) 18. Qb3 Na6 19. f4 $44) 15. dxc5 Nc6 16. O-O O-O 17. f4 ({White had to prevent other weaknesses by} 17. Bd2 Rfd8 18. Qe2 {with good chances to equalize later on.}) 17... Qxc5 18. g5 $2 {Certainly not Carlsen's best game. His move backwards 12.f1 was bad, now a move forwards is even worse, only helping Black to further improve the position.} ({He could still be in the game with} 18. Qe2 {For instance:} Bxc3 (18... Rfd8 19. Bd2 $15 {/=}) 19. bxc3 Qxc3 20. Bb2 Qa5 21. f5 {with activity for the pawn, probably enough to hold the balance thanks to very strong bishops.}) 18... Rfd8 19. Qe2 Bxc3 $1 20. bxc3 Nd5 {Now Black has a large advantage. White cannot prevent a loss of a pawn.} 21. Qb5 (21. Bd2 Na5 $17 {[%csl Rc3,Rd2,Re3][%cal Ga5c4,Ga5b3]}) (21. c4 Nc3 22. Qc2 Qxc4 {[%cal Gc3e2]} 23. Kh2 Nb4 $19) 21... Qxc3 22. Rb1 (22. Ra3 Qc2 $17 23. Qxb7 $140 $2 Rab8 24. Qa6 Ndb4 $19 {catching the queen.}) 22... Ndb4 23. Qe2 Rac8 24. Be4 Na5 25. Bb2 Qc4 $17 26. Qg2 Nb3 {The conversion of the huge advantage is a matter of style and possibly mood. Gelfand decides to return the extra pawn and activate all his pieces to their maximum.} (26... Nd5 $17) 27. Bxb7 Rd2 28. Qf3 ({Tougher is} 28. Qg3 {with some interesting tactical ideas:} Rcd8 (28... Rc7 $142 29. Bh1 Nd3 $17) 29. f5 Nd3 {(otherwise White could play 30.e7} 30. fxg6 Nxb2 (30... fxg6 31. Ba3 $13) 31. gxf7+ Kf8 32. g6 $44) 28... Rcd8 {With such active pieces and an exposed king on g1, Black's win is out of the question.} 29. Be5 Nc5 30. Rbc1 Nc2 31. Bc6 a6 {A very rare case when White has problems to find squares for his light-squared bishop on the long diagonal.} (31... Nb3 $1 32. Rb1 (32. Bb5 Qc5 $19) 32... Nxe3 $1 $19) 32. Rf2 Nb3 33. Rcf1 Nb4 ({Again} 33... Rxf2 34. Rxf2 Nd2 {[%csl Rc6,Re3] wins on the spot}) 34. Qe4 Qxc6 35. Qxb4 Rxf2 36. Rxf2 Qc1+ 37. Kg2 Qxe3 38. Qb7 Nd2 0-1

[Event "Moscow Tal Memorial 1st"]
[Site "Moscow"]
[Date "2006.11.12"]
[Round "6"]
[White "Aronian, Levon"]
[Black "Carlsen, Magnus"]
[Result "1-0"]
[WhiteElo "2741"]
[BlackElo "2698"]
[Annotator "ChessBase II"]
[PlyCount "147"]
[EventDate "2006.11.06"]
[EventType "tourn"]
[EventRounds "9"]
[EventCountry "RUS"]
[EventCategory "20"]
[SourceTitle "CBM 116"]
[Source "ChessBase"]
[SourceDate "2007.02.01"]
[SourceVersion "1"]
[SourceVersionDate "2007.02.01"]
[SourceQuality "1"]

1. d4 Nf6 2. c4 e6 3. Nf3 b6 4. g3 Ba6 5. Qc2 Nc6 6. Nbd2 ({RR} 6. Bg2 Nb4 7. Qb3 Nc6 8. Nbd2 Na5 9. Qc2 Bb4 10. O-O O-O 11. a3 Bxd2 12. Nxd2 d5 13. b3 Rc8 14. Bb2 Re8 15. e4 c5 16. exd5 cxd4 17. Bxd4 exd5 18. Bxf6 Qxf6 19. Bxd5 Re2 20. Qd3 Rxd2 {Aguilar,J (2254)-Adewumi,T (2262) chess.com INT 2022 0-1 (38)}) 6... d5 7. cxd5 $146 ({RR} 7. Qa4 Bb7 8. Bg2 Qd7 9. cxd5 exd5 10. O-O Bd6 11. Nb1 Ne4 12. Nfd2 Ne7 13. Qb3 Ng5 14. Nc3 Ne6 15. Nf3 c5 16. Rd1 Rc8 17. Bh3 f5 18. Nb5 c4 19. Nxd6+ Qxd6 20. Qa4+ Bc6 21. Qc2 O-O {Nielsen,P (2662)-Izoria,Z (2610) Dresden 2008 ½-½ (52)}) 7... Qxd5 8. e4 Nb4 9. Qa4+ Qd7 10. Qxd7+ Nxd7 11. Bxa6 Nxa6 12. O-O Nf6 13. a3 c5 14. Re1 Be7 15. Ne5 Rc8 16. b4 cxd4 17. Ndf3 Nb8 18. Nxd4 Nfd7 19. Nef3 O-O 20. Bf4 Nc6 21. Rac1 Nxd4 22. Nxd4 g5 23. Nc6 Rxc6 24. Rxc6 gxf4 25. Rc7 Ne5 26. Rxe7 Nf3+ 27. Kf1 Nxe1 28. Kxe1 a5 29. Rb7 axb4 30. axb4 Rd8 31. f3 Rd3 32. Ke2 Rb3 33. Rxb6 Rb2+ 34. Kd3 Rxh2 35. gxf4 h5 36. Rb5 h4 37. Rh5 h3 38. Kd4 Kf8 39. Ke5 Ke7 40. f5 exf5 41. Kxf5 Rb2 42. Rxh3 Rxb4 43. f4 Rb5+ 44. e5 Kf8 45. Rd3 Rb4 46. Kg5 Kg7 47. Rd7 Rb5 48. Kg4 Kf8 49. Kf5 Kg7 50. Ke4 Rb4+ 51. Rd4 Rb1 52. Rd7 Re1+ 53. Kd5 Rd1+ 54. Kc6 Rf1 55. Rd4 Kf8 56. Kd7 Rf2 57. Kd6 Rf1 58. Kd5 Ke7 59. Ra4 f6 60. Ra7+ Kf8 61. Kd6 fxe5 62. Ra8+ Kf7 63. Ra7+ Kf8 64. fxe5 Rd1+ 65. Ke6 Re1 66. Rf7+ Ke8 67. Rh7 Kf8 68. Rh8+ Kg7 69. Rd8 Ra1 70. Ke7 Ra5 71. e6 Ra7+ 72. Rd7 Ra8 73. Rd6 {[%mdl 4096]} Ra7+ $2 {[%mdl 8192]} (73... Kg6 $11) 74. Ke8 1-0